00246nam a2200085Ia 4500008004100000100001600041245005900057260003200116650001200148190216s9999||||xx |||||||||||||| ||und|| aRajendran N 0aEstablishment Of British Power In Malabar 1664 To 1799 b"Chugh Publications, India" aHistory